Panamá: el régimen de Torrijos y la cuestión del Estado burocrático - autoritario 1968-1984
Uloženo v:
| Hlavní autor: | |
|---|---|
| Korporativní autor: | |
| Médium: | Text |
| Vydáno: |
Panamá:
CELA
|
| Tagy: |
Přidat tag
Žádné tagy, Buďte první, kdo vytvoří štítek k tomuto záznamu!
|
MARC
| LEADER | 00000 a a2200000 04500 | ||
|---|---|---|---|
| 001 | 21654 | ||
| 003 | |||
| 040 | |||
| 090 | |a 096500 | ||
| 100 | |a Maloney F, Gerardo | ||
| 110 | |a CELA | ||
| 245 | |a Panamá: el régimen de Torrijos y la cuestión del Estado burocrático - autoritario 1968-1984 | ||
| 260 | |a Panamá: |b CELA | ||
| 300 | |a 20 p. | ||
| 999 | |c 13603 |d 13603 | ||
